Literature - World and Miscellaneous | 0 | 3 | 0 | 0 | 30 | 86 | 115.67 | 0 | 0 |
Current Events - U.S. | 0 | 2 | 0 | 0 | 20 | 70 | 73.50 | 0 | 0 |
History - European | 0 | 2 | 0 | 0 | 20 | 70 | 96.00 | 0 | 0 |
Science - Engineering and Miscellaneous | 1 | 0 | 0 | 0 | 15 | 57 | 57.00 | 0 | 1 |
Geography - United States | 1 | 0 | 0 | 0 | 15 | 37 | 37.00 | 0 | 0 |
Current Events - World | 0 | 1 | 0 | 0 | 10 | 124 | 124.00 | 0 | 0 |
History - World | 0 | 1 | 0 | 0 | 10 | 87 | 87.00 | 0 | 0 |
Literature - European | 0 | 1 | 0 | 0 | 10 | 126 | 126.00 | 0 | 0 |
Fine Arts - Miscellaneous | 0 | 1 | 0 | 0 | 10 | 135 | 135.00 | 0 | 0 |
History - American | 0 | 1 | 0 | 0 | 10 | 109 | 109.00 | 0 | 0 |
Literature - American | 0 | 0 | 0 | 0 | 0 | | 0.00 | 0 | 0 |
Other - Other Academic and General Knowledge | 0 | 0 | 0 | 0 | 0 | | 0.00 | 0 | 0 |
RMP - Philosophy | 0 | 0 | 0 | 0 | 0 | | 0.00 | 0 | 0 |